Ảnh hưởng của beta glucan lên một số chỉ tiêu sinh lý máu và khả năng chịu đựng stress của cá tra (Pangasianodon hypophthalmus) giống : Luận văn tốt nghiệp Cao học. Chuyên ngành Nuôi trồng thủy sản

Đề tài đánh giá sự ảnh hưởng của beta glucan lên một số chỉ tiêu sinh lý máu của cá tra giống, xác định tỷ lệ sống và khả năng chịu đựng stress của cá tra giống khi bổ sung beta glucan ở các khoảng thời gian khác nhau....

Popoln opis

Shranjeno v:
Bibliografske podrobnosti
Glavni avtor: Dương, Thị Mỹ Tiên
Format: Knjiga
Jezik:Undetermined
Izdano: Cần Thơ Trường Đại học Cần Thơ 2015
Teme:
Oznake: Označite
Brez oznak, prvi označite!
Thư viện lưu trữ: Trung tâm Học liệu Trường Đại học Cần Thơ
LEADER 01213nam a2200205Ia 4500
001 CTU_203148
008 210402s9999 xx 000 0 und d
082 |a 639.31 
082 |b T305 
100 |a Dương, Thị Mỹ Tiên 
245 0 |a Ảnh hưởng của beta glucan lên một số chỉ tiêu sinh lý máu và khả năng chịu đựng stress của cá tra (Pangasianodon hypophthalmus) giống : 
245 0 |b Luận văn tốt nghiệp Cao học. Chuyên ngành Nuôi trồng thủy sản 
245 0 |c Dương Thị Mỹ Tiên ; Đỗ Thị Thanh Hương (Cán bộ hướng dẫn) 
260 |a Cần Thơ 
260 |b Trường Đại học Cần Thơ 
260 |c 2015 
520 |a Đề tài đánh giá sự ảnh hưởng của beta glucan lên một số chỉ tiêu sinh lý máu của cá tra giống, xác định tỷ lệ sống và khả năng chịu đựng stress của cá tra giống khi bổ sung beta glucan ở các khoảng thời gian khác nhau. 
650 |a Cá da trơn,Catfish fisheries 
904 |i Hải 
980 |a Trung tâm Học liệu Trường Đại học Cần Thơ